000 00534cab a2200205 4500
001 WB2944-70
008 090401t1993 xxu||||| |||| 00| 0 eng d
035 _a(Sirsi) u3182
041 _aeng
245 _aBattersea`s ruins
260 _c1993
350 _a0
490 _aEvening Standard
_v24 November 1993, 36-37(2)
520 _aExamines the prospects for the Battersea Power Station site.
650 _aBATTERSEA POWER STATION
650 _aPOWER STATIONS
690 _aCONSERVATION
942 _n0
948 _c04/03/1997
999 _c1940
_d1940